Vías para una cultura agro-alimentaria sostenible: modelo de referencia para una producción, elaboración y comercialización sosteniblemente operativas

Gardado en:
Detalles Bibliográficos
Main Authors: Schweisfurth, Harl-Ludwig (Author), Gottwald, Franz-Theo (Author), Dierkes, Meinolf (Author)
Formato: Libro
Idioma:Lingua castelá
Publicado: Múnich Schweisfurth-Stiftung 2002
Subjects:
Tags: Engadir etiqueta
Sen Etiquetas, Sexa o primeiro en etiquetar este rexistro!

MARC

LEADER 00000nam a2200000 a 4500
001 UCK9429
003 CL-VaPUC
008 060512e20020000GW |||||||||||||||||spa|d
020 |a 3980920143 
082 0 4 |a 338.456  |b SCH  |2 21 
100 0 |a Schweisfurth, Harl-Ludwig  |e author  |9 499231 
700 0 |a Gottwald, Franz-Theo  |e author  |9 499232 
700 0 |a Dierkes, Meinolf  |e author  |9 499233 
245 1 0 |a Vías para una cultura agro-alimentaria sostenible: modelo de referencia para una producción, elaboración y comercialización sosteniblemente operativas 
300 |a 64 p 
942 |c BK 
945 |d 20060512 00:00:00  |a jtorresc 
260 |a Múnich  |b Schweisfurth-Stiftung  |c 2002 
650 0 |a Producción agrícola  |9 353481 
650 7 |a SISTEMAS DE PRODUCCION  |2 CL-VaPUC  |9 499234 
650 0 |a Factores de producción   |9 365052 
650 0 |a Industria alimentaria  |9 331702 
650 7 |a ECONOMIA INDUSTRIAL  |2 CL-VaPUC  |9 315314 
650 0 |a Administración financiera  |9 261146 
650 7 |a TECNOLOGIA DE ALIMENTOS  |2 CL-VaPUC  |9 499235 
650 0 |a Análisis de los alimentos   |9 407718 
650 0 |a Control de calidad   |9 259714 
583 |a last modification  |c 20060512 00:00:00  |k Rodrigo Vera 
999 |c 316636  |d 316634 
952 |0 0  |1 0  |4 0  |6 338_456000000000000_SCH_2002  |7 0  |8 A  |9 391248  |a BIBAGR  |b BIBAGR  |d 2019-11-22  |i 4225902  |o 338.456 SCH 2002  |p 4225902  |r 2025-01-20  |w 2019-11-22  |y BK  |k AGR 
952 |0 0  |1 0  |4 0  |6 338_456000000000000_SCH_2002  |7 0  |8 A  |9 391249  |a BIBAGR  |b BIBAGR  |d 2019-11-22  |i 4225899  |o 338.456 SCH 2002  |p 4225899  |r 2025-01-20  |w 2019-11-22  |y BK  |k AGR